00669nam a22002297a 45000010005000000030006000050050017000110080041000280200018000690400029000870500008001160820008001241000016001322450081001482600050002293000049002794900017003285050008003455210029003535210020003827000037004028467FISKH20250915103034.0250915b cb ||||| |||| 00| 0 eng d a9781420745511 aFISKHbengcFISKHdFISKH aPZ7 a590 aRushby, Pam aSecondhand dog / cWritten by Pam Rushby : Illustrated by Bettina Guthridge  aMarlborough :bSundance Publishing , c2015.  a24 pages : bcolor illustrations ;c19 cm .  a Smart steps aK 8 a510 bLexile estimate 8 aK bRaz-Plus  aGuthridge, BettinaeIllustrator